00967 2200349 4500001002100000005001500021035002500036008004100061020002200102040001700124082001600141084001800157100001800175245007400193250002600267260003700293300003700330504003100367650001400398700001400412850001200426007000300438090002200441090002000463041000800483990002200491990002000513990002000533990002200553990002000575990002200595INLIS00000000001880420191108091604 a0010-031600000000814160324s2014 yoia g | d a978-979-26-2008-5 aYOPDYOGbind04223a362.293 a362.293 SUP j1 aSuprayogo, R.10aJerat-jerat narkoba disekitar kita /cR. Suprayogo; editor, Suhartono aCetakan pertama, 2014 aYogyakarta :bCitra Media,c2014 aix, 66 halaman :btabel ;c21 cm aBibliografi: halaman 63-66 4aNarkotika0 aSuhartono aYOPDYOGta aDEP 362.293 SUP j aT 362.293 SUP j0 aind aCB-D.11/2014-2065 a63982-PD/A.2019 a63982-PD/A.2019 aCB-D.11/2014-2065 a63982-PD/A.2019 aCB-D.11/2014-2065